[Event "HUN-chT2 Szechenyi 1516"]
[Site "Hungary"]
[Date "2016.04.03"]
[Round "10.11"]
[White "Barasits, Tibor"]
[Black "Lukacs, Imre"]
[Result "0-1"]
[WhiteElo "1630"]
[BlackElo "1605"]
[PlyCount "74"]
[EventDate "2015.09.13"]
[EventType "team-tourn"]
[EventRounds "11"]
[EventCountry "HUN"]
[SourceTitle "EXT 2017"]
[Source "ChessBase"]
[SourceDate "2016.10.25"]
[SourceVersion "1"]
[SourceVersionDate "2016.10.25"]
[SourceQuality "1"]
[WhiteTeam "Arboretum"]
[BlackTeam "Ezust Huszar"]
[WhiteTeamCountry "HUN"]
[BlackTeamCountry "HUN"]

1. e4 c5 2. Nf3 e6 3. d4 cxd4 4. Nxd4 Nc6 5. Nxc6 bxc6 6. Bd3 Nf6 7. e5 Qa5+ 8. Nc3 Qxe5+ 9. Be3 Bb4 10. Qd2 Nd5 11. 0-0 Nxc3 12. a3 Ba5 13. bxc3 Bxc3 14. Qd1 Bxa1 15. Qxa1 Qxa1 16. Rxa1 d6 17. Bd4 e5 18. Bc3 0-0 19. Re1 f5 20. Bb4 Rf6 21. c4 e4 22. Bc2 d5 23. cxd5 cxd5 24. Rd1 Bb7 25. Bb3 Rc8 26. g3 g6 27. f4 Kg7 28. Bxd5 Bxd5 29. Rxd5 Rf7 30. Ra5 Re8 31. Kf2 Rd7 32. Ke2 Re6 33. Bc5 a6 34. Be3 Rd3 35. Ra4 Rc6 36. Bd4+ Kh6 37. Be3 Rc2+ 0-1